[Event "Minsk Open 2010"]
[Site "?"]
[Date "2010.08.04"]
[Round "1.3"]
[White "Zhigalko, Andrey"]
[Black "Kochanov, Andrei"]
[Result "1-0"]
[WhiteElo "2591"]
[BlackElo "2032"]
[PlyCount "63"]
[EventDate "2010.08.04"]
[SourceDate "2010.08.04"]

1. e4 c5 2. Nf3 g6 3. d4 cxd4 4. Nxd4 Bg7 5. Nc3 Nc6 6. Be3 Nf6 7. Bc4 O-O 8.
Bb3 d6 9. f3 Bd7 10. Qd2 Rc8 11. O-O-O Ne5 12. Kb1 Nc4 13. Bxc4 Rxc4 14. g4 b5
15. b3 Rc5 16. Ne6 fxe6 17. Bxc5 dxc5 18. e5 Nd5 19. Nxd5 exd5 20. Qxd5+ Kh8
21. Qxd7 Qb8 22. Qxe7 Qxe5 23. Qxe5 Bxe5 24. Rhe1 Bd4 25. Rd3 a5 26. c3 Bf6 27.
f4 b4 28. cxb4 axb4 29. Rde3 Kg7 30. Re8 Rf7 31. g5 Bc3 32. R1e7 1-0

[Event "Minsk Open 2010"]
[Site "?"]
[Date "2010.08.04"]
[Round "1.4"]
[White "Dvurechensky, Viacheslav"]
[Black "Teterev, Vitaly"]
[Result "0-1"]
[WhiteElo "1994"]
[BlackElo "2520"]
[PlyCount "54"]
[EventDate "2010.08.04"]
[SourceDate "2010.08.04"]

1. d4 Nf6 2. c4 g6 3. f3 Bg7 4. e4 O-O 5. Nc3 d6 6. Be3 Nc6 7. Bd3 e5 8. d5 Nd4
9. Nge2 Nd7 10. Bxd4 exd4 11. Nb5 Ne5 12. O-O c5 13. dxc6 bxc6 14. Nbxd4 Qb6
15. Qd2 d5 16. c5 Qxc5 17. Rf2 Rd8 18. Rc1 Qb6 19. exd5 Nxd3 20. Qxd3 Rxd5 21.
Qe4 Bxd4 22. Nxd4 Qxd4 23. Qe8+ Kg7 24. Qxc6 Rb8 25. Rc4 Qe5 26. Rc1 Be6 27. f4
Qe3 0-1

[Event "Minsk Open 2010"]
[Site "?"]
[Date "2010.08.04"]
[Round "1.5"]
[White "Podolchenko, Evgeniy"]
[Black "Kusenkova, Natallia"]
[Result "1-0"]
[WhiteElo "2514"]
[BlackElo "1991"]
[PlyCount "49"]
[EventDate "2010.08.04"]
[SourceDate "2010.08.04"]

1. d4 d5 2. c4 e6 3. Nc3 Nf6 4. cxd5 exd5 5. Bg5 Be7 6. e3 c6 7. Bd3 Nbd7 8.
Qc2 O-O 9. Nge2 Re8 10. O-O Nf8 11. f3 Nh5 12. Bxe7 Rxe7 13. e4 dxe4 14. fxe4
Nf6 15. e5 Nd5 16. Qd2 Be6 17. Ne4 Qb6 18. Kh1 Rd8 19. a3 h6 20. Rf3 Nd7 21.
Rg3 Kh8 22. Nd6 c5 23. dxc5 Nxc5 24. Bc4 Nc7 25. Nxf7+ 1-0

[Event "Minsk Open 2010"]
[Site "?"]
[Date "2010.08.04"]
[Round "1.6"]
[White "Bogdan, Ekaterina"]
[Black "Lintchevski, Daniil"]
[Result "0-1"]
[WhiteElo "1990"]
[BlackElo "2507"]
[PlyCount "124"]
[EventDate "2010.08.04"]
[SourceDate "2010.08.04"]

1. e4 c6 2. d4 d5 3. Nc3 dxe4 4. Nxe4 Bf5 5. Ng3 Bg6 6. h4 h6 7. Nf3 Nd7 8. h5
Bh7 9. Bd3 Bxd3 10. Qxd3 e6 11. Bd2 Ngf6 12. c4 Be7 13. O-O-O b5 14. Ne4 Nxe4
15. Qxe4 bxc4 16. Ne5 Nxe5 17. dxe5 Qd5 18. Qg4 Qxe5 19. f4 Qf5 20. Qxf5 exf5
21. Rhe1 Rc8 22. Ba5 f6 23. Kc2 g5 24. hxg6 Rg8 25. Re2 Rxg6 26. Rde1 Rg7 27.
Kc3 Kf8 28. Kxc4 Rb8 29. Bc3 Rb7 30. Rh1 Rg4 31. Rxh6 Rxf4+ 32. Kd3 Kg7 33. Rh3
Rg4 34. Rf3 Kg6 35. Rfe3 Bb4 36. Re6 Rg3+ 37. R6e3 Rxe3+ 38. Rxe3 Bxc3 39. Kxc3
f4 40. Re2 Kf5 41. Kd4 Rb5 42. b3 Kg4 43. Re6 Rd5+ 44. Kc3 Rf5 45. Kd3 Rd5+ 46.
Kc3 Rc5+ 47. Kd2 Kf5 48. Re2 Re5 49. Rf2 Kg4 50. Rf3 Rc5 51. a3 a5 52. a4 Re5
53. Rc3 c5 54. Rf3 Re6 55. Rc3 Re4 56. Rf3 c4 57. bxc4 Rxc4 58. Ra3 Re4 59. Kd1
Re3 60. Ra2 Kg3 61. Rc2 Re4 62. Ra2 f5 0-1

[Event "Minsk Open 2010"]
[Site "?"]
[Date "2010.08.04"]
[Round "1.7"]
[White "Prizant, Jaroslav"]
[Black "Bogachkova, Alena"]
[Result "1-0"]
[WhiteElo "2489"]
[BlackElo "1988"]
[PlyCount "105"]
[EventDate "2010.08.04"]
[SourceDate "2010.08.04"]

1. d4 d5 2. Nf3 Nf6 3. c4 c6 4. Nc3 e6 5. g3 Bd6 6. Bg2 Ne4 7. O-O O-O 8. Qc2
Nxc3 9. bxc3 Nd7 10. Rb1 Bc7 11. Bg5 f6 12. Bc1 f5 13. cxd5 exd5 14. c4 Nb6 15.
cxd5 cxd5 16. Bg5 Qd7 17. Bf4 Bxf4 18. gxf4 Qd6 19. Ne5 Bd7 20. Qc5 Qe6 21.
Rfc1 Rfc8 22. Qa5 Bc6 23. e3 h6 24. h3 Kh7 25. Kh2 Rg8 26. Rg1 Rgc8 27. Bf3 Be8
28. Rbc1 Bc6 29. Bh5 Nd7 30. Bg6+ Kh8 31. Nf7+ Kg8 32. Nxh6+ Kh8 33. Nf7+ Kg8
34. Rg5 Nf8 35. Ne5 Nxg6 36. Rxg6 Qe7 37. Nxc6 bxc6 38. Rcxc6 Rxc6 39. Qxd5+
Kh7 40. Rxc6 Rf8 41. Qd6 Qh4 42. Qg6+ Kh8 43. Kg2 Qe7 44. Qd6 Qb7 45. d5 Kh7
46. Qg6+ Kh8 47. Qd6 Rf7 48. a4 a5 49. Rb6 Qa7 50. Qb8+ Kh7 51. Qxa7 Rxa7 52.
Rb5 Kg6 53. f3 1-0

[Event "Minsk Open 2010"]
[Site "?"]
[Date "2010.08.04"]
[Round "1.8"]
[White "Kisel, Nikita"]
[Black "Tihonov, Jurij"]
[Result "0-1"]
[WhiteElo "1988"]
[BlackElo "2469"]
[PlyCount "94"]
[EventDate "2010.08.04"]
[SourceDate "2010.08.04"]

1. e4 c5 2. Nf3 d6 3. d4 cxd4 4. Nxd4 Nf6 5. Nc3 a6 6. Be3 e5 7. Nf3 Qc7 8. Be2
Be7 9. O-O O-O 10. a4 b6 11. Qd3 Nbd7 12. Qc4 Qb8 13. Nd2 Nc5 14. Bxc5 dxc5 15.
Qb3 Ra7 16. Bc4 Nh5 17. Nd5 Bd8 18. Nb1 Kh8 19. Nbc3 g6 20. Rfd1 f5 21. f3 Ng7
22. Ne2 Ne6 23. c3 fxe4 24. fxe4 Nf4 25. Rf1 Raf7 26. Ndxf4 Rxf4 27. Nxf4 exf4
28. Rad1 Qe5 29. Qc2 Bc7 30. Rd5 Qe7 31. Rd2 g5 32. Bd5 g4 33. Qd3 Be5 34. Rdf2
b5 35. Qd2 Qf6 36. Qe2 Kg7 37. Kh1 Qg5 38. Qd3 g3 39. Rd2 gxh2 40. Rdd1 b4 41.
Rf2 Rf6 42. Bc4 Bg4 43. Re1 Rd6 44. Qc2 Rg6 45. Qd3 f3 46. gxf3 Bxf3+ 47. Qxf3
Qg1+ 0-1

[Event "Minsk Open 2010"]
[Site "?"]
[Date "2010.08.04"]
[Round "1.9"]
[White "Lomako, Pavel"]
[Black "Sobol, Dmitry"]
[Result "1-0"]
[WhiteElo "2431"]
[BlackElo "1985"]
[PlyCount "49"]
[EventDate "2010.08.04"]
[SourceDate "2010.08.04"]

1. d4 d5 2. Nf3 Nf6 3. e3 Bf5 4. c4 e6 5. Qb3 b6 6. Ne5 Qd6 7. c5 Qd8 8. Qa4+
Nfd7 9. cxb6 cxb6 10. Nc3 f6 11. Nxd7 Nxd7 12. Bb5 Be7 13. f3 a5 14. e4 dxe4
15. fxe4 Bg4 16. h3 Bh5 17. Bc6 Rc8 18. Bf4 Bb4 19. O-O Qe7 20. Rac1 Bd6 21.
Nd5 exd5 22. Bxd7+ Kf7 23. Bxd6 Qxd6 24. e5 b5 25. exd6 1-0

[Event "Minsk Open 2010"]
[Site "?"]
[Date "2010.08.04"]
[Round "1.10"]
[White "Belotserkovsky, Dmitry"]
[Black "Lutsko, Igor"]
[Result "0-1"]
[WhiteElo "1978"]
[BlackElo "2421"]
[PlyCount "78"]
[EventDate "2010.08.04"]
[SourceDate "2010.08.04"]

1. e4 c5 2. Nf3 e6 3. d4 cxd4 4. Nxd4 Nc6 5. Nb5 d6 6. c4 Nf6 7. N1c3 a6 8. Nd4
Be7 9. Be2 O-O 10. Be3 Qc7 11. O-O Ne5 12. Rc1 Bd7 13. f4 Ng6 14. b4 Rfc8 15.
g4 h6 16. Qe1 e5 17. fxe5 dxe5 18. Nd5 Nxd5 19. cxd5 Qd8 20. Nf5 Bxf5 21. Rxf5
Bg5 22. Bxg5 hxg5 23. Rf3 Nf4 24. Kf1 g6 25. Rfc3 Qb6 26. Rc5 Kg7 27. R1c2 Rh8
28. Bc4 Rh4 29. Qc3 Qd6 30. Qg3 a5 31. Rxa5 Rxa5 32. bxa5 Qd7 33. Be2 Rh3 34.
Qg1 Qa4 35. Rb2 Qxe4 36. Qf2 Qh1+ 37. Qg1 Qxd5 38. Rb5 Qe4 39. Qf2 Qh1+ 0-1

[Event "Minsk Open 2010"]
[Site "?"]
[Date "2010.08.04"]
[Round "1.11"]
[White "Mochalov, Evgeny V"]
[Black "Davidchik, Alexander"]
[Result "1-0"]
[WhiteElo "2408"]
[BlackElo "1977"]
[PlyCount "81"]
[EventDate "2010.08.04"]
[SourceDate "2010.08.04"]

1. c4 Nf6 2. Nc3 e6 3. Nf3 d5 4. d4 Be7 5. g3 O-O 6. Bg2 dxc4 7. Ne5 c5 8. dxc5
Bxc5 9. Qxd8 Rxd8 10. Nxc4 Nbd7 11. O-O e5 12. Rd1 Re8 13. Nb5 Rb8 14. Be3 Bxe3
15. Nxe3 a6 16. Nd6 Rd8 17. Bh3 Kf8 18. Rac1 Ke7 19. Rc7 b5 20. Nef5+ Kf8 21.
Rdc1 g6 22. Nxf7 Kxf7 23. Nd6+ Kf8 24. Nxc8 Nb6 25. Nxb6 Rxb6 26. Ra7 Rbd6 27.
Rcc7 Kg8 28. Kg2 e4 29. Re7 Kf8 30. Be6 Re8 31. Rf7+ Kg8 32. Bb3 Kh8 33. h4
Red8 34. g4 Nd7 35. g5 Nf8 36. Rg7 Nd7 37. Re7 Nf8 38. Rxe4 Nd7 39. Re7 Nf8 40.
e4 Rd2 41. Bd5 1-0

[Event "Minsk Open 2010"]
[Site "?"]
[Date "2010.08.04"]
[Round "1.12"]
[White "Korolev, Alexandr"]
[Black "Zaiatz, Elena"]
[Result "0-1"]
[WhiteElo "1975"]
[BlackElo "2398"]
[PlyCount "74"]
[EventDate "2010.08.04"]
[SourceDate "2010.08.04"]

1. e4 e5 2. Nf3 Nc6 3. Bb5 Nf6 4. O-O Nxe4 5. d4 Nd6 6. Bxc6 dxc6 7. dxe5 Nf5
8. Qxd8+ Kxd8 9. Nc3 Be6 10. b3 Bb4 11. Bb2 h6 12. Rad1+ Kc8 13. Ne2 a5 14. Nf4
g5 15. Nxe6 fxe6 16. a4 Re8 17. Rd3 b5 18. Nd4 Nxd4 19. Bxd4 c5 20. Bb2 c4 21.
Rh3 cxb3 22. cxb3 Rb8 23. Bc1 Bf8 24. Bd2 Rd8 25. Bxa5 b4 26. Rc1 Rb7 27. Rf3
Bg7 28. Rf7 Bxe5 29. f4 Bc3 30. fxg5 hxg5 31. Rcf1 Kb8 32. h4 gxh4 33. R1f4 Rd5
34. Rf8+ Ka7 35. Bxc7 Rxc7 36. Rxh4 Rd1+ 37. Kf2 Bg7 0-1

[Event "Minsk Open 2010"]
[Site "?"]
[Date "2010.08.04"]
[Round "1.13"]
[White "Zamruk, Aleksandar"]
[Black "Revo, Tatiana"]
[Result "1/2-1/2"]
[WhiteElo "2394"]
[BlackElo "1968"]
[PlyCount "52"]
[EventDate "2010.08.04"]
[SourceDate "2010.08.04"]

1. Nf3 Nf6 2. g3 g6 3. b3 Bg7 4. Bb2 d6 5. d4 O-O 6. Bg2 c6 7. O-O Bf5 8. c4
Ne4 9. Nh4 d5 10. Nxf5 gxf5 11. Nd2 Nd7 12. e3 Nxd2 13. Qxd2 Nf6 14. Rac1 Qd7
15. Rc2 Rac8 16. Rfc1 e6 17. Ba3 Rfd8 18. cxd5 exd5 19. Qe2 Re8 20. Qf3 Qe6 21.
Bh3 Ng4 22. Bf1 Nf6 23. Rd1 Ne4 24. h4 Nf6 25. Bc1 Kh8 26. Ba3 Bh6 1/2-1/2

[Event "Minsk Open 2010"]
[Site "?"]
[Date "2010.08.04"]
[Round "1.14"]
[White "Kustov, Alexei"]
[Black "Bulanov, Dmitri"]
[Result "0-1"]
[WhiteElo "1960"]
[BlackElo "2379"]
[PlyCount "78"]
[EventDate "2010.08.04"]
[SourceDate "2010.08.04"]

1. e4 c6 2. d4 d5 3. exd5 cxd5 4. Bd3 Nf6 5. h3 Nc6 6. c3 e6 7. Bf4 Bd6 8. Bxd6
Qxd6 9. Nf3 O-O 10. O-O Ne4 11. Bxe4 dxe4 12. Nfd2 f5 13. f3 e5 14. Nc4 Qd5 15.
Ne3 Qb5 16. fxe4 exd4 17. Nxf5 Bxf5 18. exf5 Qxb2 19. Qb3+ Qxb3 20. axb3 dxc3
21. Nxc3 Nd4 22. b4 Rxf5 23. Rxf5 Nxf5 24. g4 Nd4 25. b5 Rc8 26. Nd5 Rc5 27.
Nf4 Nxb5 28. Rd1 Rc7 29. Ne6 Re7 30. Ng5 g6 31. Rb1 Nd4 32. Rd1 Nc6 33. Nf3 Kg7
34. g5 a5 35. Kf2 a4 36. Rc1 Re6 37. Rb1 Re7 38. Rc1 Ne5 39. Nxe5 Rxe5 0-1

[Event "Minsk Open 2010"]
[Site "?"]
[Date "2010.08.04"]
[Round "1.15"]
[White "Glidzhan, Gor"]
[Black "Ponyavin, Dmitriy"]
[Result "1-0"]
[WhiteElo "2369"]
[BlackElo "1929"]
[PlyCount "65"]
[EventDate "2010.08.04"]
[SourceDate "2010.08.04"]

1. e4 c5 2. d4 cxd4 3. c3 d3 4. Bxd3 e6 5. Nf3 Nc6 6. O-O d6 7. Qe2 Qc7 8. a4
Be7 9. Na3 Nf6 10. Rd1 O-O 11. Bf4 e5 12. Bg5 Be6 13. Bc4 Rad8 14. Rd2 Na5 15.
Bxf6 Nxc4 16. Nb5 Qd7 17. Nxe5 Nxe5 18. Bxe5 dxe5 19. Rxd7 Rxd7 20. Rd1 Rfd8
21. Rxd7 Rxd7 22. Nxa7 Bb3 23. h3 Bxa4 24. Qc4 Rd1+ 25. Kh2 Bd7 26. Qb3 Rd2 27.
Qxb7 f6 28. b4 Kf8 29. Nc6 Bxc6 30. Qxc6 Rxf2 31. b5 Rd2 32. b6 Rd8 33. b7 1-0

[Event "Minsk Open 2010"]
[Site "?"]
[Date "2010.08.04"]
[Round "1.16"]
[White "Valevich, Sergei"]
[Black "Aliavdin, Nikolai"]
[Result "0-1"]
[WhiteElo "1924"]
[BlackElo "2367"]
[PlyCount "106"]
[EventDate "2010.08.04"]
[SourceDate "2010.08.04"]

1. e4 c5 2. Nf3 d6 3. d4 cxd4 4. Nxd4 Nf6 5. Nc3 a6 6. Be2 e5 7. Nb3 Be7 8. O-O
O-O 9. f4 b5 10. a3 Bb7 11. Bf3 Nbd7 12. Qe2 Rc8 13. Be3 Nb6 14. fxe5 dxe5 15.
Rad1 Qc7 16. Na5 Ba8 17. Rd2 Na4 18. Nxa4 bxa4 19. Qxa6 Bxe4 20. Qb5 Bxf3 21.
Rxf3 Rb8 22. Qxa4 Rxb2 23. Nc4 Rb1+ 24. Rf1 Rbb8 25. Qa7 Rb7 26. Qa6 Ng4 27.
Kh1 Nxe3 28. Nxe3 Ra7 29. Qe2 Bxa3 30. Nd5 Qb8 31. c4 f6 32. Qe4 Kh8 33. Rd3
Bc5 34. g4 Ra3 35. Rxa3 Bxa3 36. Rb1 Qa7 37. Rf1 Bc5 38. Nc3 Qf7 39. Nd5 Qg6
40. Qxg6 hxg6 41. Rb1 f5 42. Rb5 Rc8 43. gxf5 gxf5 44. Kg2 Kh7 45. Kf3 g5 46.
Nf6+ Kg6 47. Nd7 e4+ 48. Ke2 Bd4 49. c5 Rc7 50. Rb6+ Kh5 51. Rd6 Bxc5 52. Rd5
Bg1 53. Nf8 Rf7 0-1

[Event "Minsk Open 2010"]
[Site "?"]
[Date "2010.08.04"]
[Round "1.17"]
[White "Smirnov, Valerij"]
[Black "Chubarov, Alexei"]
[Result "1-0"]
[WhiteElo "2361"]
[BlackElo "1920"]
[PlyCount "45"]
[EventDate "2010.08.04"]
[SourceDate "2010.08.04"]

1. d4 Nf6 2. c4 e6 3. Nf3 d5 4. Nc3 Nbd7 5. Bg5 Be7 6. cxd5 exd5 7. e3 O-O 8.
Bd3 c6 9. Qc2 Re8 10. h3 Ne4 11. Bf4 f5 12. O-O Kh8 13. Nxd5 Bd6 14. Bxe4 fxe4
15. Ng5 Rf8 16. Ne6 Qh4 17. Bxd6 cxd5 18. Nxf8 Nf6 19. Qc7 Bxh3 20. gxh3 Qxh3
21. Ba3 Re8 22. Qg3 Qf5 23. Rac1 1-0

[Event "Minsk Open 2010"]
[Site "?"]
[Date "2010.08.04"]
[Round "1.18"]
[White "Sheremet, Anton"]
[Black "Kolesnik, Eduard"]
[Result "1/2-1/2"]
[WhiteElo "1920"]
[BlackElo "2351"]
[PlyCount "73"]
[EventDate "2010.08.04"]
[SourceDate "2010.08.04"]

1. e4 e5 2. Nf3 Nc6 3. d4 exd4 4. Nxd4 Nf6 5. Nxc6 bxc6 6. Nc3 d5 7. exd5 cxd5
8. Bb5+ Bd7 9. O-O c6 10. Ba6 Be7 11. Bf4 Qb6 12. Qe2 Be6 13. b3 O-O 14. Na4
Qb4 15. Bg3 Ne4 16. a3 Nxg3 17. hxg3 Qd6 18. b4 Bf6 19. Rad1 Rae8 20. Qd2 Re7
21. Nc5 Bf5 22. Bd3 Bc8 23. c4 a5 24. cxd5 cxd5 25. Bc2 axb4 26. axb4 Qb6 27.
Qxd5 Qxb4 28. Ne4 Be5 29. Rfe1 Bb7 30. Qd3 g6 31. Rb1 Qa5 32. Nf6+ Kg7 33. Ng4
Ba6 34. Qf3 f5 35. Nxe5 Rxe5 36. Rxe5 Qxe5 37. Rd1 1/2-1/2

[Event "Minsk Open 2010"]
[Site "?"]
[Date "2010.08.04"]
[Round "1.19"]
[White "Bogachkov, Igor"]
[Black "Nasybullina, Alfia"]
[Result "1-0"]
[WhiteElo "2347"]
[BlackElo "1916"]
[PlyCount "73"]
[EventDate "2010.08.04"]
[SourceDate "2010.08.04"]

1. g3 d5 2. Bg2 c5 3. d3 Nf6 4. Nd2 Nc6 5. e4 g6 6. Ngf3 Bg7 7. c3 dxe4 8. dxe4
Qd3 9. Bf1 Qd6 10. Qe2 e5 11. Nc4 Qe7 12. Bg5 O-O 13. Ne3 Qe6 14. Qc2 Qe8 15.
h4 Be6 16. Bxf6 Bxf6 17. Bc4 Rd8 18. Bxe6 Qxe6 19. Qb3 Rd3 20. Qxe6 fxe6 21.
Ke2 Rfd8 22. Rhd1 Rxd1 23. Nxd1 Kf7 24. Ne3 Rd7 25. a4 Na5 26. Ng4 Nc6 27. Ne3
Na5 28. Ng4 Nc6 29. Rh1 h5 30. Ne3 Rd8 31. Nc4 Ke7 32. Rg1 Rg8 33. Rd1 Rf8 34.
Ne1 g5 35. hxg5 Bxg5 36. Nd3 h4 37. Ndxe5 1-0

[Event "Minsk Open 2010"]
[Site "?"]
[Date "2010.08.04"]
[Round "1.20"]
[White "Dalemans, Diana"]
[Black "Khamitskiy, Sergei"]
[Result "1/2-1/2"]
[WhiteElo "1910"]
[BlackElo "2340"]
[PlyCount "74"]
[EventDate "2010.08.04"]
[SourceDate "2010.08.04"]

1. e4 e6 2. d4 d5 3. Nd2 Nf6 4. e5 Nfd7 5. Bd3 c5 6. c3 Nc6 7. Ne2 cxd4 8. cxd4
f6 9. exf6 Qxf6 10. Nf3 h6 11. Qc2 Bd6 12. Bg6+ Ke7 13. a3 Rd8 14. O-O Kf8 15.
Bd2 Kg8 16. Rfe1 Nf8 17. Bd3 Bd7 18. Bc3 Be8 19. Ng3 Rac8 20. Qe2 a6 21. Ne5
Bxe5 22. dxe5 Qh4 23. Nf1 Bg6 24. Rad1 Rd7 25. Bd2 Rdc7 26. f4 Bh5 27. Qe3 Bxd1
28. Rxd1 Qh5 29. Re1 Ne7 30. Ng3 Qf7 31. Qf3 g6 32. Qg4 Nf5 33. Nh5 Nd7 34. h4
Kh7 35. Ng3 Rc5 36. Bb1 h5 37. Qf3 Nxh4 1/2-1/2

[Event "Minsk Open 2010"]
[Site "?"]
[Date "2010.08.05"]
[Round "2.3"]
[White "Gazizov, Iljas"]
[Black "Zhigalko, Andrey"]
[Result "0-1"]
[WhiteElo "2220"]
[BlackElo "2591"]
[PlyCount "74"]
[EventDate "2010.08.04"]
[SourceDate "2010.08.04"]

1. d4 Nf6 2. c4 e6 3. Nf3 c5 4. g3 cxd4 5. Nxd4 Bb4+ 6. Bd2 Bc5 7. Nb3 Be7 8.
Bg2 Nc6 9. O-O b6 10. Nc3 O-O 11. Bf4 Bb7 12. Nb5 d5 13. Rc1 Rc8 14. N3d4 Qd7
15. Nxc6 Bxc6 16. Nd4 Bb7 17. Nb5 a6 18. Na7 Rcd8 19. cxd5 Nxd5 20. Be5 Bd6 21.
Bxd6 Qxd6 22. e4 Qb8 23. exd5 Bxd5 24. Bxd5 Qxa7 25. Qb3 Rxd5 26. Rc6 b5 27.
Qc3 a5 28. Rc8 Rfd8 29. Rxd8+ Rxd8 30. Qc6 b4 31. Qb5 g6 32. Rc1 h5 33. a3 Rd2
34. Qc5 Rd1+ 35. Kg2 Qb7+ 36. Qc6 Qxc6+ 37. Rxc6 bxa3 0-1

[Event "Minsk Open 2010"]
[Site "?"]
[Date "2010.08.06"]
[Round "2.3"]
[White "Leontiev, Aleksandr V"]
[Black "Teterev, Vitaly"]
[Result "0-1"]
[WhiteElo "2304"]
[BlackElo "2520"]
[PlyCount "88"]
[EventDate "2010.08.04"]
[SourceDate "2010.08.04"]

1. c4 g6 2. e4 Bg7 3. d4 d6 4. Nc3 Nf6 5. Be2 O-O 6. Bg5 Na6 7. Qd2 e5 8. d5 c6
9. h4 cxd5 10. cxd5 Bd7 11. f3 Nc5 12. g4 a5 13. h5 b5 14. Bxb5 Bxb5 15. Nxb5
Rb8 16. Qe2 Qd7 17. a4 Nxa4 18. Rxa4 Rxb5 19. Rc4 Rfb8 20. Bc1 Ne8 21. Qc2 Bf6
22. Ne2 Qd8 23. Qd2 Rb4 24. Rc6 Qd7 25. Kf2 Bd8 26. Kg3 Nf6 27. Qc2 Bb6 28. Bg5
Ne8 29. Rb1 gxh5 30. Bd2 Rb3 31. gxh5 f5 32. Qxb3 Bf2+ 33. Kxf2 Rxb3 34. Kg1
Kf7 35. Be3 f4 36. Bc1 Qh3 37. Nc3 Qh4 38. Kf1 Qxh5 39. Kf2 Qh4+ 40. Kf1 Qh2
41. Ra6 Qc2 42. Ra7+ Kf8 43. Ne2 Rxf3+ 44. Ke1 Rd3 0-1

[Event "Minsk Open 2010"]
[Site "?"]
[Date "2010.08.05"]
[Round "2.4"]
[White "Teterev, Vitaly"]
[Black "Bakin, Alexander"]
[Result "1-0"]
[WhiteElo "2520"]
[BlackElo "2247"]
[PlyCount "51"]
[EventDate "2010.08.04"]
[SourceDate "2010.08.04"]

1. Nf3 Nf6 2. g3 b6 3. Bg2 Bb7 4. O-O c5 5. d3 d5 6. Nbd2 e6 7. e4 Be7 8. Re1
Nc6 9. c3 Qc7 10. Nf1 dxe4 11. dxe4 O-O 12. e5 Rfd8 13. Qe2 Nd5 14. Qe4 Rd7 15.
h4 Na5 16. Qg4 Kh8 17. Kh2 Ba6 18. Qh5 g6 19. Qg4 Bd3 20. Ng5 Bf8 21. Nxf7+
Rxf7 22. Qxe6 Re7 23. Qxd5 Rd8 24. Qf3 Rxe5 25. Bg5 Rxe1 26. Rxe1 1-0

[Event "Minsk Open 2010"]
[Site "?"]
[Date "2010.08.05"]
[Round "2.5"]
[White "Mukhin, Pavel"]
[Black "Podolchenko, Evgeniy"]
[Result "1-0"]
[WhiteElo "2214"]
[BlackElo "2514"]
[PlyCount "65"]
[EventDate "2010.08.04"]
[SourceDate "2010.08.04"]

1. d4 Nf6 2. Nf3 e6 3. Bg5 d5 4. e3 Be7 5. Bd3 b6 6. Nbd2 Nbd7 7. c3 Bb7 8. Qe2
c5 9. O-O h6 10. Bf4 g5 11. Bg3 Ne4 12. Ne5 Nxe5 13. Bxe5 f6 14. Bb5+ Kf8 15.
Bg3 Nxg3 16. fxg3 Kg7 17. Bd3 h5 18. Kh1 c4 19. Bc2 f5 20. Nf3 Qc7 21. Qf2 Raf8
22. Rae1 Bf6 23. Bb1 b5 24. a3 a5 25. Rc1 Bc6 26. Kg1 Rh6 27. Bc2 Rhh8 28. Kh1
h4 29. gxh4 g4 30. Ne5 Rxh4 31. Bxf5 Rfh8 32. Bh7 Rf8 33. Qg3 1-0

[Event "Minsk Open 2010"]
[Site "?"]
[Date "2010.08.05"]
[Round "2.6"]
[White "Lintchevski, Daniil"]
[Black "Belykov, Bogdan"]
[Result "1-0"]
[WhiteElo "2507"]
[BlackElo "2225"]
[PlyCount "81"]
[EventDate "2010.08.04"]
[SourceDate "2010.08.04"]

1. e4 e5 2. Nf3 Nc6 3. Nc3 Nf6 4. Bb5 Nd4 5. Ba4 c6 6. Nxe5 Bc5 7. Nd3 Bb6 8.
e5 Nd5 9. Nxd5 cxd5 10. c3 Nc6 11. b4 O-O 12. b5 Nxe5 13. Nxe5 Re8 14. O-O Rxe5
15. d4 Re8 16. Bb3 d6 17. Bxd5 Qc7 18. Qf3 Rb8 19. Be3 Be6 20. c4 Qd7 21. h3
Bxd5 22. Qxd5 Qe6 23. Qxe6 fxe6 24. c5 Bc7 25. a4 Rbc8 26. Rfc1 Kf7 27. c6 b6
28. Kf1 d5 29. f4 h5 30. g3 Ra8 31. Rcb1 a6 32. Bd2 Ra7 33. Ke2 Rea8 34. Bc3
axb5 35. axb5 Rxa1 36. Rxa1 Rxa1 37. Bxa1 h4 38. gxh4 Bxf4 39. Kf3 Bc7 40. Bc3
g6 41. Bd2 1-0

[Event "Minsk Open 2010"]
[Site "?"]
[Date "2010.08.05"]
[Round "2.7"]
[White "Asrian, Armen"]
[Black "Prizant, Jaroslav"]
[Result "0-1"]
[WhiteElo "2196"]
[BlackElo "2489"]
[PlyCount "44"]
[EventDate "2010.08.04"]
[SourceDate "2010.08.04"]

1. e4 c5 2. Nf3 Nc6 3. d4 cxd4 4. Nxd4 g6 5. Nc3 Bg7 6. Be3 Nf6 7. Be2 O-O 8.
Qd2 d5 9. exd5 Nxd5 10. Nxc6 bxc6 11. Bd4 Bxd4 12. Qxd4 e5 13. Qc5 Rb8 14. Rd1
Qg5 15. O-O Bf5 16. Bf3 Rxb2 17. Nxd5 cxd5 18. Rxd5 Rxc2 19. Qxa7 Be6 20. Ra5
Rfc8 21. Bd1 Rc1 22. Qb7 Qd8 0-1

[Event "Minsk Open 2010"]
[Site "?"]
[Date "2010.08.05"]
[Round "2.8"]
[White "Tihonov, Jurij"]
[Black "Grib, Roman"]
[Result "1/2-1/2"]
[WhiteElo "2469"]
[BlackElo "2219"]
[PlyCount "59"]
[EventDate "2010.08.04"]
[SourceDate "2010.08.04"]

1. Nf3 c5 2. c4 Nc6 3. d4 cxd4 4. Nxd4 g6 5. e4 Nf6 6. Nc3 Nxd4 7. Qxd4 d6 8.
Be2 Bg7 9. Bg5 O-O 10. Qd2 Be6 11. Rc1 a6 12. O-O b5 13. cxb5 axb5 14. Bxb5
Bxa2 15. Bc6 Bc4 16. Bxa8 Bxf1 17. Bc6 Bc4 18. b4 Qb8 19. b5 Rc8 20. h3 h5 21.
Be3 Bxb5 22. Nxb5 Rxc6 23. Rxc6 Qxb5 24. Rc8+ Kh7 25. f3 Qe5 26. Rc1 d5 27. Bd4
Nxe4 28. Bxe5 Nxd2 29. Bxg7 Kxg7 30. Rd1 1/2-1/2

[Event "Minsk Open 2010"]
[Site "?"]
[Date "2010.08.05"]
[Round "2.9"]
[White "Shulakova, Svetlana"]
[Black "Lomako, Pavel"]
[Result "1/2-1/2"]
[WhiteElo "2192"]
[BlackElo "2431"]
[PlyCount "30"]
[EventDate "2010.08.04"]
[SourceDate "2010.08.04"]

1. d4 Nf6 2. c4 e6 3. Nc3 Bb4 4. Qc2 O-O 5. a3 Bxc3+ 6. Qxc3 b6 7. Bg5 h6 8.
Bh4 Bb7 9. f3 d5 10. e3 Nbd7 11. cxd5 Nxd5 12. Bxd8 Nxc3 13. Bh4 Nd5 14. Bf2 c5
15. e4 Ne7 1/2-1/2

[Event "Minsk Open 2010"]
[Site "?"]
[Date "2010.08.05"]
[Round "2.10"]
[White "Lutsko, Igor"]
[Black "Poleshchuk, Dmitriy"]
[Result "1-0"]
[WhiteElo "2421"]
[BlackElo "2204"]
[PlyCount "68"]
[EventDate "2010.08.04"]
[SourceDate "2010.08.04"]

1. d4 Nf6 2. Nf3 g6 3. g3 Bg7 4. Bg2 O-O 5. O-O d5 6. c4 dxc4 7. Na3 Na6 8.
Nxc4 c5 9. dxc5 Be6 10. Qxd8 Rfxd8 11. Nce5 Nxc5 12. Ng5 Bd5 13. Be3 Bxg2 14.
Kxg2 Rd5 15. Ngxf7 Ne6 16. Rfd1 Rb5 17. Rab1 Rf8 18. b4 Nd5 19. Nh6+ Bxh6 20.
Bxh6 Rf5 21. Rxd5 Rxd5 22. e4 Rfxe5 23. exd5 Rxd5 24. h4 Kf7 25. Be3 a6 26. a4
Nd4 27. Rc1 Nc6 28. Bc5 e5 29. Rc4 Ke6 30. Be3 h5 31. Kf3 Rd3 32. b5 axb5 33.
axb5 Nd4+ 34. Ke4 Rb3 1-0

[Event "Minsk Open 2010"]
[Site "?"]
[Date "2010.08.05"]
[Round "2.12"]
[White "Zaiatz, Elena"]
[Black "Elkin, Leonid"]
[Result "1-0"]
[WhiteElo "2398"]
[BlackElo "2196"]
[PlyCount "123"]
[EventDate "2010.08.04"]
[SourceDate "2010.08.04"]

1. d4 Nf6 2. c4 g6 3. Nc3 Bg7 4. e4 d6 5. Be2 O-O 6. Bg5 Na6 7. Qd2 e5 8. d5
Qe8 9. Bd1 Bd7 10. h3 Nc5 11. Bc2 a5 12. Nge2 c6 13. O-O cxd5 14. Bxf6 Bxf6 15.
Nxd5 Bd8 16. f4 f5 17. exf5 Bxf5 18. Nec3 Rc8 19. Rae1 Bh4 20. Re2 Bxc2 21.
Qxc2 Qf7 22. Nb5 Rcd8 23. Rf3 Qg7 24. Qc3 exf4 25. Qxg7+ Kxg7 26. Nxf4 Bg5 27.
Nd5 Rxf3 28. gxf3 Bf6 29. f4 Kf7 30. Nbc7 Rd7 31. Kg2 Bg7 32. Kf3 Na4 33. b3
Nc3 34. Nxc3 Bxc3 35. Nb5 Bb4 36. a3 Bc5 37. Rb2 Rd8 38. b4 axb4 39. axb4 Bb6
40. Rd2 Ke6 41. Ke4 Rd7 42. h4 Bd8 43. Nd4+ Kf7 44. Kd5 Bxh4 45. Rh2 Bf6 46.
Rxh7+ Ke8 47. Rh6 Bxd4 48. Kxd4 Rg7 49. Kd5 Kd7 50. b5 b6 51. Rh8 Rf7 52. Ke4
Rf5 53. Rg8 Rc5 54. Rg7+ Ke8 55. Kd4 Rf5 56. Rb7 Rxf4+ 57. Kd5 Rf5+ 58. Ke6
Re5+ 59. Kxd6 Rc5 60. Rc7 Rxc7 61. Kxc7 g5 62. c5 1-0